Responses for Show #821 - Monday, March 14, 1988

Ron Trigueiro game 2.

Contestants

[<< previous game]

Susan Steade, a newspaper copy editor from San Jose, California

Gary Amundson, a systems analyst originally from Clear Lake, South Dakota

Ron Trigueiro, a student from Caruthers, California (whose 1-day cash winnings total $13,500)

[next game >>]

Jeopardy! Round responses

AUTHORS
HAIR CARE
HOMOPHONIC PAIRS
FOOD
THE OLD WEST
THE SOUTH ON FILM
    $100 13
Zane Grey

Gary
    $100 26
beer

Gary
    $100 7
which witch

Susan
    $100 9
pasta (macaroni)

Gary
    $100 2
rifle

Ron
    $100 1
Nashville

Gary
    $200 14
Jack London

Ron
    $200 27
VO5

Susan
    $200 18
(Susan: What's a boulder?)
(Alex: I'm sorry?)
(Susan: What is a boulder?)
(Alex: That's incomplete, sorry.)

bolder boulder

RonSusan
    $200 22
bacon

Gary
    $200 4
Calamity Jane

Ron
    $200 3
Uncle Tom's Cabin

Gary
    $300 15
epilepsy

Ron
    $300 29
garlic

Ron
    $300 19
aunt's ants

Ron
    $300 23
cup of peanuts

Ron
    $300 10
Sam Houston

Ron
    $300 5
Shirley Temple

Susan
    $400 16
State

Gary
    $400 28
(turns) gray

Susan
    $400 20
please pleas

Gary
    $400 24
bananas

Gary
    $400 11
Colt

Ron
    $400 6
New Orleans

Gary
    $500 17
The Compleat Angler

Ron
    $500 30
trichology

Susan
    $500 21
peer's piers

Gary
    $500 25
brisket

Gary
    $500 12
Central Pacific & Union Pacific

Ron
    $500 8
(Ron: What is Atlanta?)

Richmond

Ron
Triple Stumper

Scores at the first commercial break (after clue 12):

Ron Gary Susan
$1,000 $800 $400

Scores at the end of the Jeopardy! Round:

Ron Gary Susan
$3,100 $3,400 $1,300

Double Jeopardy! Round responses

ZOOLOGY
ARTILLERY
THE RUSSIAN BALLET
THE QUEEN'S ENGLISH
EASTERN RELIGIONS
"NORTH" ON THE MAP
    $200 10
1

Ron
    $200 22
anti-aircraft

Ron
    $200 21
Swan Lake

Gary
    $200 11
London

Susan
    $200 2
Confucius

Susan
    $200 5
North Pole

Gary
    $400 12
goat

Ron
    $400 27
surface-to-air missile

Gary
    $400 23
(Gary: What is the Moscow Ballet?)

Bolshoi

GarySusan
    $400 1
knighthood

Ron
    $400 14
Shintoism

Gary
    $400 6
North Dakota

Ron
    $600 18
crocodile is endangered species

Ron
    $600 28
[The end-of-round signal sounds.]

Sweden

Ron
    $600 24
Kirov

Susan
    $600 3
vacuumed

Susan
    $600 15
Hare Krishnas

Ron
    $600 7
North Korea

Gary
    $800 19
(1 of) Ireland, (New Zealand or Iceland)

Susan
    $800 25
(Susan: Who is Stravinsky?)

Sergei Diaghilev

Susan
Triple Stumper
    $800 4
knaves

Gary
    $800 16
Buddhist monks

Ron
    $800 8
North Sea

Gary
    $3,000 20
okapi

Susan
    $1000 26
Makarova

Susan
    $1000 13
dumbwaiter

Triple Stumper
    $1000 17
Dalai Lama

Susan
    $1000 9
Northwest Territories

Triple Stumper

Scores at the end of the Double Jeopardy! Round:

Ron Gary Susan
$7,300 $6,400 $8,300

[wagering suggestions for these scores]

Final Jeopardy! Round responses

ANAGRAMS
(Ron: I was trying to get "Eastwood" down.)
(Alex: I think we have to accept "Clint E" because there are very few Western stars whose first name is Clint.)
GaryWho is John Wayne?
$6,399
RonWho is Clint E
$7,300
SusanWho is ?
$6,301
Clint Eastwood

Final scores:

Ron Gary Susan
$14,600 $1 $1,999
2-day champion: $28,100 3rd place: 12-volume The Motion Picture Guide by CineBooks 2nd place: trip to Aspen & stay at the Crestwood Lodge

Game dynamics:

Coryat scores:

Ron Gary Susan
$7,300 $6,400 $6,300
21 R
(including 1 DD),
1 W
19 R
(including 1 DD),
1 W
14 R
(including 1 DD),
2 W

Combined Coryat: $20,000

[game clues] [game scores] [suggest correction]

Game tape date: 1987-11-17
The J! Archive is created by fans, for fans. Scraping, republication, monetization, and malicious use prohibited; this site may use cookies and collect identifying information. See terms. The Jeopardy! game show and all elements thereof, including but not limited to copyright and trademark thereto, are the property of Jeopardy Productions, Inc. and are protected under law. This website is not affiliated with, sponsored by, or operated by Jeopardy Productions, Inc. Join the discussion at JBoard.tv.